书目信息 |
| 题名: |
建筑结构施工图设计文件编制及审查手册
|
|
| 作者: | 李庆福 , 罗琨 编著 | |
| 分册: | ||
| 出版信息: | 北京 中国建筑工业出版社 2007.07 |
|
| 页数: | 10, 445页 | |
| 开本: | 18×26cm | |
| 丛书名: | ||
| 单 册: | ||
| 中图分类: | TU204-62 | |
| 科图分类: | ||
| 主题词: | 建筑制图--jian zhu zhi tu--文件--编制--手册 , 建筑制图--jian zhu zhi tu--文件--审查--手册 | |
| 电子资源: | ||
| ISBN: | 978-7-112-09237-6 | |
| 000 | 01018nam0 2200253 450 | |
| 001 | 012008267065 | |
| 005 | 20080126155519.87 | |
| 010 | @a978-7-112-09237-6@dCNY48.00 | |
| 100 | @a20080126d2007 em y0chiy0120 ea | |
| 101 | 0 | @achi |
| 102 | @aCN@b110000 | |
| 105 | @ak z 000yy | |
| 106 | @ar | |
| 200 | 1 | @a建筑结构施工图设计文件编制及审查手册@Ajian zhu jie gou shi gong tu she ji wen jian bian zhi ji shen cha shou ce@f李庆福, 罗琨编著@Fli qing fu,luo kun bian zhu |
| 210 | @a北京@c中国建筑工业出版社@d2007.07 | |
| 215 | @a10, 445页@d18×26cm | |
| 330 | @a本手册比较完整地提供了各种结构体系和构件施工图设计文件应有的内容,共分19章个两个附录。内容包括:设计总说明、地基处理、基础、柱、墙、梁、板、楼梯、钢网架及网壳等。 | |
| 606 | 0 | @a建筑制图@Ajian zhu zhi tu@x文件@x编制@j手册 |
| 606 | 0 | @a建筑制图@Ajian zhu zhi tu@x文件@x审查@j手册 |
| 690 | @aTU204-62@v4 | |
| 701 | 0 | @a李庆福@Ali qing fu@4编著 |
| 701 | 0 | @a罗琨@Aluo kun@4编著 |
| 801 | 0 | @aCN@bQSSK@c20080126 |
| 905 | @b280813-15@dTU204-62@eL231@f3 | |
| 建筑结构施工图设计文件编制及审查手册/李庆福, 罗琨编著.-北京:中国建筑工业出版社,2007.07 |
| 10, 445页;18×26cm |
| ISBN 978-7-112-09237-6:CNY48.00 |
| 本手册比较完整地提供了各种结构体系和构件施工图设计文件应有的内容,共分19章个两个附录。内容包括:设计总说明、地基处理、基础、柱、墙、梁、板、楼梯、钢网架及网壳等。 |
| ● |
| 相关链接 |
|
|
|
正题名:建筑结构施工图设计文件编制及审查手册
索取号:TU204-62/L231
 
预约/预借
| 序号 | 登录号 | 条形码 | 馆藏地/架位号 | 状态 | 备注 |
| 1 | 280813 | 202808131 | 建筑库101/101建筑库 110排7列4层/ [索取号:TU204-62/L231] | 在馆 | |
| 2 | 280814 | 202808140 | 建筑库101/101建筑库 110排7列4层/ [索取号:TU204-62/L231] | 在馆 | |
| 3 | 280815 | 202808159 | 建筑库101/101建筑库 110排7列4层/ [索取号:TU204-62/L231] | 在馆 |